| 000 | 00702nam a2200229 a 4500 | ||
|---|---|---|---|
| 001 | 000033823 | ||
| 003 | DO-SdBNP | ||
| 005 | 20260414145013.0 | ||
| 007 | ta | ||
| 008 | 110913s1953 dr 000 0 spa d | ||
| 040 |
_aDO-SdBNP _bspa _cBNPHU |
||
| 082 | 4 |
_aRD862.2 _bG979y, 1881 _222 |
|
| 100 | 1 |
_aGuridi, Javier A. _959243 |
|
| 245 | 1 | 0 |
_aYguaniona : _bdrama histórico, en verso y en tres actos / Javier A. Guridi |
| 260 |
_aSanto Domingo : _bImprenta de J. J. Machado, _c1881 |
||
| 300 |
_a89 p. ; _c20 cm. |
||
| 590 | _aInventariado, 2023/MFF | ||
| 650 | 4 |
_937901 _aTeatro dominicano |
|
| 650 | 0 |
_aLiteratura dominicana. _967 |
|
| 910 | _aValidado. Control de calidad MFF | ||
| 942 |
_2ddc _cLBS1 |
||
| 999 |
_c33314 _d33314 |
||